Revenue and reform: the Indian problem in British politics 1757-1973 (Record no. 65746)

MARC details
000 -LEADER
fixed length control field 00407nam a2200145Ia 4500
008 - FIXED-LENGTH DATA ELEMENTS--GENERAL INFORMATION
fixed length control field 230917s9999||||xx |||||||||||||| ||und||
040 ## - CATALOGING SOURCE
-- 39847
Original cataloging agency VIVEKANANDA LIBRARY
041 ## - Language
-- English
082 ## - DDC NUMBER
Classification number 954.029 B675R
100 ## - MAIN ENTRY--PERSONAL NAME
Personal name Bowen, HV
245 #0 - TITLE STATEMENT
Title Revenue and reform: the Indian problem in British politics 1757-1973
260 ## - PUBLICATION, DISTRIBUTION, ETC. (IMPRINT)
Place of publication, distribution, etc Cambridge
Name of publisher, distributor, etc Cambridge University Press
Date of publication, distribution, etc 1991
300 ## - PHYSICAL DESCRIPTION
Pages xi, 204 p.
942 ## - ADDED ENTRY ELEMENTS (KOHA)
Koha item type Books
Holdings
Withdrawn status Lost status Damaged status Not for loan Location (home branch) Sublocation or collection (holding branch) Date acquired Koha issues (times borrowed) Koha full call number Accession No. Koha date last seen Koha item type
        VIVEKANANDA LIBRARY VIVEKANANDA LIBRARY 29/08/2002   954.029 B675R 138149 17/09/2023 Books
© Designed and Maintained by Vivekananda Library, MDU Rohtak